O Natal do senhor Scrooge | Os sinos de ano novo (Registo nº 215)

Detalhes MARC
000 -Etiqueta do registo
Cabeçalho 00737nam0a2200253 4500
005 - Identificador da versão
Campo de controlo 20240813121757.0
010 ## - Número internacional normalizado dos livros (ISBN)
Número (ISBN) 8496075699
021 ## - Número do Depósito Legal
Número B. 45430-2002
100 ## - Dados gerais de processamento
Dados gerais de processamento 20160317d2002 aaay1pory5001 ba
102 ## - Pais de publicação ou produção
País de publicação Portugal
101 1# - Língua de publicação
Língua do texto, banda sonora, etc. Português
Língua do documento no original Inglês
215 ## - Descrição física 
Indicação específica da natureza do documento e extensão da espécie 221, [2] p
200 1# - Titulo e menção de responsabilidade
Título próprio O Natal do senhor Scrooge
-- Os sinos de ano novo
Primeira menção de responsabilidade Charles Dickens
225 2# - Colecção 
Título próprio da colecção Mil folhas
210 ## - Publicação, Distribuição, etc. 
Lugar da edição, distribuição, etc. Porto
Nome do editor, distribuidor, etc. Público Comunicação Social
Data da publicação, distribuição, etc. cop. 2002
300 ## - Notas gerais 
Texto da nota Plano Nacional Leitura
606 ## - Nome comum usado como assunto
Número de registo de entrada de autoridade 0002036
Palavra de ordem Literatura inglesa
Subdivisão de assunto Conto
Código do sistema CA
675 ## - Classificação Decimal Universal (CDU)
Notação 821.111-34
Edição 3ª ed.
Língua da edição por
700 #1 - Nome de autor-pessoa física (responsabilidade principal)
Número de registo de entrada de autoridade 0001904
Palavra de ordem Dickens
Outra parte do nome não tomada para palavra de ordem Charles
Datas 1812-1870
966 ## - Identificação da Biblioteca
Sigla EB2,3ENM
942 ## - Elementos de entrada adicionados (Koha)
Tipo de item no Koha Livro
Exemplares
Situação do levantamento Origin of item (home branch) (coded) Biblioteca de empréstimo Código de barras Cota Circulation type (not for loan) Tipo de documento Nota do exemplar Damaged status
  Biblioteca Escolar Eng. Nuno Mergulhão Biblioteca Escolar Eng. Nuno Mergulhão BENM714 82LE-34 DIC PNL   Livro Sem mensagem